000 00703nam a2200289Ia 4500
005 20260324141553.0
008 008 260324s9999 xx 000 0 eng d
020 _a9780203993705
037 _aEBOOK
040 _aCRL
040 _beng
040 _cCRL
041 _2eng
041 _aeng
084 _qCRL
100 _aJan Laurens Hazekamp; Keith Popple
_91208684
245 0 _aRacism In Europe
245 4 _bThe Challenge For Youth Policy And Youth Work
260 _bTaylor and Francis
260 _c1997
365 _a
365 _b98.95
856 _uhttp://www.taylorfrancis.com/books/9780203993705
942 _cEBOOK
999 _c1811925
_d1811925